Indiana Basketball: Top 10 All-Time Leaders - Statistics

General Stats
  • This quiz has been taken 47 times
    21 since last reset
  • The average score is 30 of 90
Answer Stats
Category # Player Amount % Correct
Points 3 Trayce Jackson-Davis 2,258
88%
Rebounds 1 Trayce Jackson-Davis 1,143
88%
Blocks 1 Trayce Jackson-Davis 270
88%
Field Goal Percent 1 Trayce Jackson-Davis 56.5%
88%
Steals 7 Isiah Thomas 136
81%
Points 1 Calbert Cheaney 2,613
75%
Field Goal Percent 4 Calbert Cheaney 55.9%
75%
Points Per Game 6 Calbert Cheaney 19.8
75%
Games T5 Calbert Cheaney 132
75%
Points 6 Mike Woodson 2,061
75%
Points Per Game 5 Mike Woodson 19.8
75%
Points 7 Yogi Ferrell 1,986
75%
Assists 1 Yogi Ferrell 633
75%
Three Pointers Made 2 Yogi Ferrell 272
75%
Games 1 Yogi Ferrell 137
75%
Steals 3 Victor Oladipo 161
63%
Points 2 Steve Alford 2,438
56%
Steals 2 Steve Alford 178
56%
Field Goal Percent 9 Steve Alford 53.3%
56%
Points Per Game 7 Steve Alford 19.5
56%
Three Pointers Made 3 Jordan Hulls 254
50%
Games 2 Jordan Hulls 135
50%
Rebounds 10 Christian Watford 777
44%
Games T5 Christian Watford 132
44%
Points 9 Damon Bailey 1,741
44%
Assists T5 Damon Bailey 474
44%
Steals 9 Damon Bailey 132
44%
Games T5 Damon Bailey 132
44%
Points 5 A.J. Guyton 2,100
38%
Assists 8 A.J. Guyton 403
38%
Steals 10 A.J. Guyton 129
38%
Three Pointers Made 1 A.J. Guyton 283
38%
Points 8 Alan Henderson 1,979
38%
Rebounds 2 Alan Henderson 1,091
38%
Steals 5 Alan Henderson 148
38%
Blocks 3 Alan Henderson 213
38%
Field Goal Percent 6 Alan Henderson 54.0%
38%
Three Pointers Made 4 Robert Johnson 239
38%
Three Pointers Made 5 James Blackmon 205
31%
Points 10 Kent Benson 1,740
31%
Rebounds 4 Kent Benson 1,031
31%
Field Goal Percent 8 Kent Benson 53.6%
31%
Blocks 4 D.J. White 198
25%
Field Goal Percent 2 D.J. White 56.2%
25%
Blocks 9 Juwan Morgan 138
25%
Field Goal Percent 3 Juwan Morgan 56.2%
25%
Assists 4 Tom Coverdale 500
25%
Steals 6 Tom Coverdale 137
25%
Three Pointers Made 6 Tom Coverdale 200
25%
Three Pointers Made T8 Bracey Wright 186
19%
Three Pointers Made T8 Brian Evans 186
19%
Points 4 Don Schlundt 2,192
19%
Rebounds 8 Don Schlundt 860
19%
Points Per Game 1 Don Schlundt 23.3
19%
Rebounds 9 Eric Anderson 826
19%
Blocks 10 Eric Anderson 136
19%
Games T9 Eric Anderson 131
19%
Steals 4 Greg Graham 151
19%
Games T5 Greg Graham 132
19%
Blocks 2 Jeff Newton 227
19%
Games T3 Jeff Newton 133
19%
Assists 3 Quinn Buckner 542
19%
Field Goal Percent 7 Steve Green 53.8%
19%
Steals 1 Dane Fife 189
13%
Games T9 Dane Fife 131
13%
Blocks 7 Dean Garrett 192
13%
Blocks 6 George Leach 194
13%
Points Per Game 3 Jimmy Rayl 20.6
13%
Assists 2 Michael Lewis 545
13%
Blocks 5 Uwe Blab 196
13%
Field Goal Percent 5 Uwe Blab 54.3%
13%
Rebounds 3 Walt Bellamy 1,087
13%
Points Per Game 4 Walt Bellamy 20.6
13%
Rebounds 5 Archie Dees 914
6%
Points Per Game 2 Archie Dees 22.7
6%
Points Per Game 9 Jay Edwards 18.2
6%
Three Pointers Made 7 Marshall Strickland 188
6%
Assists 7 Randy Wittman 432
6%
Games T3 Randy Wittman 133
6%
Rebounds 7 Ray Tolbert 874
6%
Blocks 8 Ray Tolbert 155
6%
Field Goal Percent 10 Ray Tolbert 52.9%
6%
Assists 10 Verdell Jones 389
6%
Steals 8 Chris Reynolds 135
0%
Assists T5 Jamal Meeks 474
0%
Points Per Game 8 Joe Cooke 18.3
0%
Three Pointers Made 10 Kyle Hornsby 178
0%
Rebounds 6 Steve Downing 889
0%
Assists 9 Stew Robinson 391
0%
Points Per Game 10 Tom Bolyard 18.0
0%
No matching quizzes found
Score Distribution
Percent of People with Each Score
Percentile by Number Answered
Your Score History
You have not taken this quiz since the last reset